000 01187nam a2200313 a 4500
001 000109392
003 CHAP
005 20220329144049.0
008 140424s2013 mx sm |||||||spa d
010 _a105854
011 _a106826
040 _cCHAP
090 _aTesis
100 1 _aRamírez Ramírez, Franklin
_9126575
245 1 0 _aControl biológico de gallina ciega (coleoptera : melolonthidae ) con Beauveria bassiana en maíz (Zea mays L.) en los Altos de Chiapas
_h[En línea]
_cpor Franklin Ramírez Ramírez.
260 _aChapingo, Méx. :
_bEl autor,
_c2013.
500 _aPara ver el contenido del material haga clic en la liga
502 _aTesis (Ing. Agr. Esp. en Parasitología Agrícola) -- UACH. Departamento de Parasitología Agrícola
590 _aBATCH-UPD
_b05
_c20141002
_lUCH01
_h0901
590 _aE5765TAJ
_b05
_c20140424
_lUCH01
_h0943
590 _aE5765TAJ
_b05
_c20140424
_lUCH01
_h0943
650 1 4 _aControl biológico de insectos.
_927582
650 1 4 _aMaíz
_xPlagas.
_971034
650 1 4 _aMaíz
_zChiapas.
_971091
856 _aFinding aid
_uhttp://10.13.5.2/tesis/sist109392.pdf
_zTeclea aquí
901 _aBK
942 _cTESIS
942 _n0
999 _c105854
_d105854